Normal view
MARC view
Entry Personal Name
001 - CONTROL NUMBER
- control field: 33518
003 - CONTROL NUMBER IDENTIFIER
- control field: ARRUPE
005 - DATE AND TIME OF LATEST TRANSACTION
- control field: 20170726082102.0
008 - FIXED-LENGTH DATA ELEMENTS
- fixed length control field: 170726|| aca||aabn | a|a d
040 ## - CATALOGING SOURCE
- Original cataloging agency: ARRUPE
- Transcribing agency: ARRUPE
100 ## - HEADING--PERSONAL NAME
- Personal name: Branch, Daniel
670 ## - SOURCE DATA FOUND
- Source citation: Work cat.: (ARRUPE): Branch, Daniel, Defeating Mau Mau, creating Kenya, 2009